Statistics for 30 Most Populous Countries In The World

Click here to take the quiz!

General Stats

  • This quiz has been taken 70 times
  • The average score is 26 of 30

Answer Stats

PlacesCountry% Correct
2.China1,433,697,709
100%
1.India1,435,209,922
100%
9.Russia144,195,693
100%
3.United States344,491,332
100%
7.Brazil217,041,230
98%
23.France67,584,781
98%
19.Germany83,276,068
98%
4.Indonesia278,678,700
97%
12.Japan122,964,977
97%
10.Mexico128,925,632
97%
6.Nigeria226,447,135
95%
22.United Kingdom68,380,671
95%
5.Pakistan242,838,056
91%
8.Bangladesh173,830,431
90%
17.Iran89,500,071
90%
25.Italy58,786,253
88%
14.Egypt113,583,406
86%
11.Ethiopia128,112,308
86%
20.Thailand71,848,875
86%
18.Turkey86,041,347
86%
15.Democratic Republic of the Congo103,914,062
83%
29.South Korea51,766,061
83%
16.Vietnam99,185,062
83%
24.South Africa60,687,116
81%
13.Philippines118,220,401
79%
28.Colombia52,210,627
78%
21.Tanzania68,417,102
74%
26.Kenya55,644,390
69%
27.Myanmar54,774,434
62%
30.Uganda49,248,037
48%

Score Distribution

Percentile by Number Answered

Percent of People with Each Score

Your Score History

You have not taken this quiz